[Event "Tuzla op 16th"]
[Site "Tuzla"]
[Date "2022.11.27"]
[Round "6"]
[White "Lukic, Djordje"]
[Black "Omanovic, Vahidin"]
[Result "1/2-1/2"]
[WhiteElo "1388"]
[BlackElo "2029"]
[PlyCount "38"]
[EventDate "2022.11.24"]
[EventType "swiss"]
[EventRounds "7"]
[EventCountry "BIH"]
[SourceTitle "CBM 211 Extra"]
[Source "ChessBase"]
[SourceDate "2023.01.31"]
[SourceVersion "1"]
[SourceVersionDate "2023.01.31"]
[SourceQuality "1"]

1. e4 c5 2. Nc3 Nc6 3. Bb5 Nd4 4. Bc4 Nf6 5. f4 b5 6. Bxb5 Nxb5 7. Nxb5 Nxe4 8. Qe2 d5 9. Nc3 Nf6 10. Nf3 Qb6 11. 0-0 Bb7 12. Qb5+ Bc6 13. Qxb6 axb6 14. Ne5 Bb7 15. Nb5 Rc8 16. Na7 Ra8 17. Nb5 Rc8 18. Na7 Ra8 19. Nb5 Rc8 1/2-1/2

[Event "Tuzla op 16th"]
[Site "Tuzla"]
[Date "2022.11.25"]
[Round "2"]
[White "Culum, Sanjin"]
[Black "Omanovic, Vahidin"]
[Result "1-0"]
[WhiteElo "2237"]
[BlackElo "2029"]
[PlyCount "57"]
[EventDate "2022.11.24"]
[EventType "swiss"]
[EventRounds "7"]
[EventCountry "BIH"]
[SourceTitle "CBM 211 Extra"]
[Source "ChessBase"]
[SourceDate "2023.01.31"]
[SourceVersion "1"]
[SourceVersionDate "2023.01.31"]
[SourceQuality "1"]

1. d4 c5 2. d5 Nf6 3. Nc3 e6 4. e4 d6 5. Nf3 e5 6. Be2 Be7 7. 0-0 a6 8. a4 Nbd7 9. Nd2 0-0 10. Nc4 Ne8 11. a5 Bg5 12. Bxg5 Qxg5 13. Qc1 Qe7 14. f4 exf4 15. Qxf4 Ne5 16. Nxe5 dxe5 17. Qe3 Bd7 18. d6 Nxd6 19. Nd5 Qh4 20. Rad1 Rad8 21. Bf3 Bb5 22. Rfe1 Nc4 23. Qc3 Nd6 24. Qxc5 Bc6 25. g3 Qg5 26. Kg2 Kh8 27. Nb4 Bxe4 28. Bxe4 Nxe4 29. Rxe4 1-0

[Event "Tuzla op 16th"]
[Site "Tuzla"]
[Date "2022.11.25"]
[Round "3"]
[White "Omanovic, Vahidin"]
[Black "Kekic, Naid"]
[Result "1-0"]
[WhiteElo "2029"]
[BlackElo "1775"]
[PlyCount "91"]
[EventDate "2022.11.24"]
[EventType "swiss"]
[EventRounds "7"]
[EventCountry "BIH"]
[SourceTitle "CBM 211 Extra"]
[Source "ChessBase"]
[SourceDate "2023.01.31"]
[SourceVersion "1"]
[SourceVersionDate "2023.01.31"]
[SourceQuality "1"]

1. Nf3 d5 2. e3 c5 3. d4 e6 4. c3 Nf6 5. Bd3 Be7 6. 0-0 0-0 7. Nbd2 Nc6 8. Qe2 b6 9. Rd1 Bb7 10. Ne5 Qc7 11. f4 cxd4 12. exd4 a6 13. Rf1 b5 14. a3 Na5 15. Rf3 Nc4 16. Rh3 Rfe8 17. Bxh7+ Kf8 18. Nxf7 Kxf7 19. Bg6+ Kxg6 20. Qxe6 Qxf4 21. Nxc4 Bd6 22. Bxf4 Rxe6 23. Nxd6 Bc6 24. Be5 Rf8 25. Rf1 Bd7 26. Rhf3 Bc6 27. h3 Rd8 28. Bxf6 Rxf6 29. Rg3+ Kh7 30. Rxf6 gxf6 31. Nf5 Bd7 32. Ne3 Be6 33. Kf2 a5 34. Ke2 Rb8 35. Nc2 Bf5 36. Kd2 Bxc2 37. Kxc2 b4 38. cxb4 axb4 39. a4 Kh6 40. Kb3 f5 41. a5 Rc8 42. Kxb4 Rc4+ 43. Kb5 Rxd4 44. a6 Rd2 45. a7 Rxb2+ 46. Ka4 1-0

[Event "Sarajevo-ch"]
[Site "Sarajevo"]
[Date "2018.03.20"]
[Round "2"]
[White "Omanovic, Vahidin"]
[Black "Dedic, Nedzad"]
[Result "0-1"]
[WhiteElo "2031"]
[BlackElo "1963"]
[PlyCount "98"]
[EventDate "2018.03.19"]
[EventType "tourn"]
[EventRounds "11"]
[EventCountry "BIH"]
[SourceTitle "CBM 183 Extra"]
[Source "ChessBase"]
[SourceDate "2018.04.19"]
[SourceVersion "1"]
[SourceVersionDate "2018.04.19"]
[SourceQuality "1"]

1. c4 Nf6 2. Nc3 d5 3. e3 e5 4. cxd5 Nxd5 5. d4 Nxc3 6. bxc3 exd4 7. exd4 Bd6 8. Bd3 0-0 9. Qc2 g6 10. Ne2 c5 11. d5 Qh4 12. c4 Nd7 13. g3 Qf6 14. 0-0 Re8 15. f4 Qe7 16. Bd2 Qd8 17. a4 Bf8 18. a5 Bg7 19. Ra2 Nf6 20. Nc3 Ng4 21. Nd1 Bd4+ 22. Kh1 Qf6 23. Re1 Bd7 24. Kg2 h5 25. h3 Nh6 26. Bc3 Rxe1 27. Bxe1 h4 28. g4 Qxf4 29. Qd2 Qxd2+ 30. Bxd2 Kg7 31. Bg5 Bf6 32. Be3 Be7 33. Rb2 Bc8 34. Rb5 a6 35. Rb1 Ng8 36. Nc3 Nf6 37. Na4 Nd7 38. Bf4 Bf6 39. Re1 Bd8 40. Bd2 b5 41. axb6 Bxb6 42. Nxb6 Nxb6 43. Re8 f5 44. Ba5 Bd7 45. Re7+ Kf6 46. Rh7 Nxd5 47. cxd5 Bb5 48. Bc3+ Kg5 49. gxf5 Bxd3 0-1

[Event "BIH-chT2"]
[Site "Bosna"]
[Date "2017.08.25"]
[Round "1.3"]
[White "Salkic, Midhat"]
[Black "Omanovic, Vahidin"]
[Result "1-0"]
[WhiteElo "2025"]
[BlackElo "2018"]
[PlyCount "93"]
[EventDate "2017.08.25"]
[EventType "team-tourn"]
[EventRounds "9"]
[EventCountry "BIH"]
[SourceTitle "EXT 2019"]
[Source "ChessBase"]
[SourceDate "2018.10.10"]
[SourceVersion "1"]
[SourceVersionDate "2018.10.10"]
[SourceQuality "1"]

1. d4 Nf6 2. Nf3 d6 3. Nc3 Bf5 4. Bg5 Nbd7 5. e3 c6 6. Bd3 Qa5 7. Qd2 Bg4 8. Ne4 Qb6 9. 0-0-0 Rc8 10. h3 Be6 11. Nc3 Qa5 12. e4 Bxa2 13. e5 Nd5 14. exd6 Nxc3 15. dxe7 Bxe7 16. Bxe7 Kxe7 17. Rhe1+ Be6 18. Qxc3 Qxc3 19. bxc3 Kf6 20. c4 Rhe8 21. Kb2 c5 22. d5 Bf5 23. Kc3 h5 24. h4 Bg4 25. Rb1 b6 26. Ng5 Rxe1 27. Rxe1 Ne5 28. Ne4+ Ke7 29. Ng3 Kd6 30. Bf5 Nd7 31. Bxg4 hxg4 32. Nf5+ Kc7 33. d6+ Kd8 34. Nxg7 Nf6 35. Nf5 a5 36. Re7 Rc6 37. Rxf7 Ne4+ 38. Kb3 Nxd6 39. Nxd6 Rxd6 40. Rg7 Rd4 41. h5 Ke8 42. Rg6 a4+ 43. Kxa4 Rxc4+ 44. Kb3 Rb4+ 45. Kc3 Kf7 46. Kd3 b5 47. Rg5 1-0

[Event "Travnik op"]
[Site "Travnik"]
[Date "2017.07.30"]
[Round "7"]
[White "Bistric, Faruk"]
[Black "Omanovic, Vahidin"]
[Result "1-0"]
[WhiteElo "2354"]
[BlackElo "2018"]
[PlyCount "53"]
[EventDate "2017.07.26"]
[EventType "swiss"]
[EventRounds "7"]
[EventCountry "BIH"]
[SourceTitle "CBM 179 Extra"]
[Source "ChessBase"]
[SourceDate "2017.08.23"]
[SourceVersion "1"]
[SourceVersionDate "2017.08.23"]
[SourceQuality "1"]

1. d4 f5 2. g3 e6 3. Bg2 Nf6 4. c4 c5 5. Nf3 cxd4 6. 0-0 Nc6 7. Nxd4 Nxd4 8. Qxd4 Qb6 9. Be3 Qxd4 10. Bxd4 d6 11. Nc3 e5 12. Be3 Ng4 13. Bd2 Bd7 14. Rfd1 Bc6 15. Nb5 Bxb5 16. cxb5 0-0-0 17. Bd5 Re8 18. Rac1+ Kb8 19. Ba5 b6 20. Bb4 Nf6 21. Rc6 Nxd5 22. Rxd5 Rc8 23. Bxd6+ Bxd6 24. Rdxd6 Rxc6 25. bxc6 a6 26. Rd7 g6 27. Rb7+ 1-0

[Event "Sarajevo Bosna op 47th"]
[Site "Sarajevo"]
[Date "2017.05.17"]
[Round "7"]
[White "Velikic, Adela"]
[Black "Omanovic, Vahidin"]
[Result "1-0"]
[WhiteElo "2204"]
[BlackElo "2002"]
[PlyCount "81"]
[EventDate "2017.05.13"]
[EventType "swiss"]
[EventRounds "9"]
[EventCountry "BIH"]
[SourceTitle "CBM 178 Extra"]
[Source "ChessBase"]
[SourceDate "2017.06.22"]
[SourceVersion "1"]
[SourceVersionDate "2017.06.22"]
[SourceQuality "1"]

1. e4 d6 2. d4 Nf6 3. Nc3 c6 4. f4 Qc7 5. Be2 b5 6. e5 Ng8 7. Nf3 Nh6 8. 0-0 d5 9. Be3 Nf5 10. Qd2 e6 11. Nd1 a6 12. g4 Nxe3 13. Nxe3 c5 14. c3 Nc6 15. f5 Ra7 16. Rad1 Qb6 17. Kh1 cxd4 18. cxd4 Be7 19. g5 exf5 20. Nxd5 Qd8 21. Nf4 Rd7 22. e6 Rd6 23. exf7+ Kxf7 24. Qe3 Re8 25. Qb3+ Kf8 26. g6 Rxg6 27. Nxg6+ hxg6 28. d5 Na5 29. Qc2 Bb7 30. Nd4 Bd6 31. Bf3 Qh4 32. Qf2 Qf4 33. Qg3 Qxg3 34. hxg3 Bxg3 35. Ne6+ Kg8 36. Nc5 Ba8 37. d6 Bxf3+ 38. Rxf3 Bh4 39. d7 Rd8 40. Ne6 Nb7 41. Rc3 1-0

[Event "Sarajevo Bosna op 47th"]
[Site "Sarajevo"]
[Date "2017.05.15"]
[Round "4"]
[White "Hadzovic, Amir"]
[Black "Omanovic, Vahidin"]
[Result "0-1"]
[WhiteElo "2280"]
[BlackElo "2002"]
[PlyCount "156"]
[EventDate "2017.05.13"]
[EventType "swiss"]
[EventRounds "9"]
[EventCountry "BIH"]
[SourceTitle "CBM 178 Extra"]
[Source "ChessBase"]
[SourceDate "2017.06.22"]
[SourceVersion "1"]
[SourceVersionDate "2017.06.22"]
[SourceQuality "1"]

1. e4 c5 2. Nc3 Nc6 3. f4 g6 4. Nf3 Bg7 5. Bc4 e6 6. 0-0 a6 7. a4 Nge7 8. Qe1 d6 9. d3 0-0 10. Qh4 d5 11. Bb3 f5 12. Ne2 c4 13. Ba2 b5 14. e5 Bd7 15. Be3 Re8 16. Bc5 Nc8 17. Qh3 Nb6 18. b3 cxd3 19. cxd3 bxa4 20. b4 Bf8 21. Ng5 Re7 22. Qe3 Rb8 23. Rfc1 h6 24. Nf3 Rg7 25. Rab1 Na7 26. Nfd4 Nb5 27. Nc3 g5 28. Nce2 Na8 29. fxg5 Nxd4 30. Qxd4 Qxg5 31. Nf4 Bxc5 32. bxc5 Rxb1 33. Rxb1 Bb5 34. g3 Nc7 35. Kf2 h5 36. Qe3 h4 37. Rg1 Kf7 38. Qe1 hxg3+ 39. hxg3 Ke8 40. Qe3 Qg4 41. c6 Rh7 42. Qb6 Qg5 43. Qb8+ Qd8 44. Qb7 Qe7 45. Qb6 Kf7 46. Kf3 Rh2 47. Rg2 Rxg2 48. Kxg2 Ne8 49. c7 Nxc7 50. g4 fxg4 51. d4 Qd7 52. Bb1 a3 53. Qa5 Qc6 54. Qxa3 Ke8 55. Ng6 Kd8 56. Qf8+ Qe8 57. Qd6+ Kc8 58. Nf4 Kb7 59. Bd3 Qc6 60. Qa3 Qb6 61. Qc3 a5 62. Kg3 Bd7 63. Kxg4 Qb4 64. Qxb4+ axb4 65. Kf3 Kb6 66. Ke3 Bb5 67. Bg6 Ka5 68. Bc2 Ba4 69. Bb1 b3 70. Nd3 Na6 71. Kd2 Bb5 72. Nc1 Kb4 73. Bg6 Nc7 74. Bh7 Bf1 75. Nd3+ Bxd3 76. Kxd3 b2 77. Ke3 Kc3 78. Bd3 Nb5 0-1

[Event "Lukavac op 5th"]
[Site "Lukavac"]
[Date "2016.11.27"]
[Round "7"]
[White "Omanovic, Vahidin"]
[Black "Obad, Andrija"]
[Result "0-1"]
[WhiteElo "2002"]
[BlackElo "2260"]
[PlyCount "40"]
[EventDate "2016.11.24"]
[EventType "swiss"]
[EventRounds "7"]
[EventCountry "BIH"]
[SourceTitle "EXT 2019"]
[Source "ChessBase"]
[SourceDate "2018.10.10"]
[SourceVersion "1"]
[SourceVersionDate "2018.10.10"]
[SourceQuality "1"]

1. e4 c5 2. Nf3 d6 3. b3 Nf6 4. d3 Nc6 5. Bb2 e5 6. Nbd2 Be7 7. g3 h6 8. Bg2 Bg4 9. h3 Be6 10. 0-0 Qd7 11. Kh2 g5 12. Ng1 h5 13. f4 Ng4+ 14. Kh1 gxf4 15. gxf4 Ne3 16. Qe2 Nxf1 17. Rxf1 f6 18. Nc4 0-0-0 19. Ne3 Rdg8 20. f5 Bf7 0-1

[Event "Sarajevo Bosna op 45th"]
[Site "Sarajevo"]
[Date "2015.06.01"]
[Round "4"]
[White "Omanovic, Vahidin"]
[Black "Pastar, Slaven"]
[Result "0-1"]
[WhiteElo "2013"]
[BlackElo "2194"]
[PlyCount "63"]
[EventDate "2015.05.30"]
[EventType "swiss"]
[EventRounds "9"]
[EventCountry "BIH"]
[SourceTitle "CBM 166 Extra"]
[Source "ChessBase"]
[SourceDate "2015.06.18"]
[SourceVersion "1"]
[SourceVersionDate "2015.06.18"]
[SourceQuality "1"]

1. e4 c5 2. Nf3 e6 3. Nc3 Nc6 4. Bb5 Nd4 5. 0-0 Nxb5 6. Nxb5 a6 7. Nc3 b5 8. d4 cxd4 9. Qxd4 Bb7 10. Bg5 f6 11. Bh4 Nh6 12. Rad1 Be7 13. Bg3 Bc6 14. Bd6 0-0 15. Rfe1 Rc8 16. Bxe7 Qxe7 17. Nd5 Bxd5 18. exd5 Rxc2 19. dxe6 dxe6 20. Qb6 e5 21. Nd4 Rxb2 22. Nc6 Qf7 23. Nd8 Qg6 24. Ne6 Re8 25. Nc7 Re7 26. Nd5 Re8 27. Nc7 Rf8 28. Ne6 f5 29. Rxe5 Ng4 30. Ree1 Nxf2 31. Qxf2 Rxf2 32. Kxf2 0-1